The handbook of the Turkish capital markets 2011 (Record no. 3924)

MARC details
000 -BAŞLIK
Sabit Uzunlukta Kontrol Alanı 00871na a2200277 4500
001 - KONTROL NUMARASI
Denetim Alanı 16373
003 - KONTROL NUMARASI IDENTIFIER
Denetim Alanı MIRAKIL
005 - SON İŞLEM TARİHİ VE ZAMANI
Denetim Alanı 20181213154947.0
008 - SABİT-BOY VERİ ELEMANLARI - GENEL BİLGİLER
Sabit Uzunlukta Kontrol Alanı 161008b tu 000 0
020 ## - ULUSLARARASI STANDART KİTAP NUMARASI
Uluslararası Standart Kitap Numarası 9789756483329
040 ## - KATALOGLAMA KAYNAK
Orijinal Kataloglama Ajansı Milas
Kataloglama Dili tur
Metne Dönüştürmek Ajansı TR-AnCHP
041 ## - DİL KODU
Metin / Ses Parça Veya Ayrı Başlığın Dil Kodu eng
082 ## - DEWEY ONLU SINIFLANDIRMA NUMARASI
Sınıflandırma Numarası 332.04109561
Ürün Numarası B82h 2011
090 ## - SINIFLAMA NUMARASI
Sınıflama Numarası 332.04109561 B82h 2011
100 ## - ANA GİRİŞ - KİŞİSEL İSİM
Kişisel Ad Budak, Alparslan
245 ## - BAŞLIK TABLOSU
Başlık The handbook of the Turkish capital markets 2011
Sorumluluk Tablosu, Vb Alparslan Budak, Efsun Ayça Değertekin ; editör Ekin Fıkırkoca
260 ## - YAYIN, DAĞITIM, VB
Yayın, Dağıtım, Vb Yeri İstanbul
Yayıncı, Dağıtıcı, Vs Adı TSPAKB
Yayın, Dağıtım, Vb Tarihi 2011
300 ## - FİZİKSEL TANIM
Kapsam 67 s.
Diğer Fiziksel Ayrıntıları tbl. , şkl.
Boyutlar 21 sm.
490 ## - SERİSİ TABLOSU
Seri Beyanı TSPAKB
Hacim / Ardışık Tanımı 54
546 ## - DİL NOTU
Dil Notu Eserin dili İngilizcedir.
650 ## - KONU KATMA GİRİŞ - TOPİKAL DÖNEM
Topikal Süreli Veya Coğrafi Ad Giriş Elemanı Yatırımlar
Genel Alt Bölümü Türkiye
Kronolojik Alt Bölümü Elkitapları
650 ## - KONU KATMA GİRİŞ - TOPİKAL DÖNEM
Topikal Süreli Veya Coğrafi Ad Giriş Elemanı Sermaye piyasası
Kronolojik Alt Bölümü Elkitapları
Coğrafi Alt Bölümü Türkiye
700 ## - KATMA GİRİŞ - KİŞİSEL İSİM
Kişisel Ad Fıkırkoca, Ekin
700 ## - KATMA GİRİŞ - KİŞİSEL İSİM
Kişisel Ad Değertekin, Efsun Ayça
942 ## - EKLENDİ GİRİŞ ELEMANLARI (KOHA)
Sınıflandırma Veya Raf Düzeni Kaynak Dewey Decimal Classification
Koha Öğesi Türü Books
999 ## - SİSTEM KONTROL NUMARALARI (KOHA)
Koha Biblionumber 3924
Koha Biblioitemnumber 3924
Holdings
Kalıcı Konum Mevcut Konum Edinme Tarihi Edinim Kaynak Toplam Check-Out'Lar Tam Çağrı Numarası Barkod Tarih Son Görülme İtibaren Geçerli Fiyatlar Koha Öğesi Türü
CHP Kütüphanesi CHP Kütüphanesi 10/04/2016 Bağış   332.04109561 B82h 2011 005211 10/04/2016 10/04/2016 Books